Godzilla Lyrics - Statistics

General Stats
  • This quiz has been taken 171 times
    168 since last reset
  • The average score is 414 of 950
Answer Stats
Ugh, % Correct
a
89%
A
89%
a-
89%
I
88%
go
85%
Godzilla
80%
Godzilla,
80%
the
80%
"The
80%
The
80%
you
79%
You
79%
you,
79%
an
76%
can
74%
lick
74%
monster
74%
Monster,
74%
(monster)
74%
swallow
74%
like
73%
Like
73%
in
71%
In
71%
My
71%
my
71%
of
71%
alcohol
69%
bottle
69%
bottle,
69%
feel
69%
and
68%
And
68%
be
68%
who
65%
beat
64%
V
64%
to
63%
I'll
61%
ill
61%
I'm
61%
your
61%
Better
60%
better
60%
her
60%
hit
60%
no
60%
on
59%
deck
58%
get
58%
Get
58%
zombie
58%
apocalypse
56%
whole
56%
with
56%
around
55%
card
55%
fire
55%
Fire,
55%
fire,
55%
dealer
54%
me
54%
me,
54%
squad's
54%
here,
53%
here
53%
is
53%
is,
53%
Is
53%
man
53%
Man,
53%
up,
53%
up
53%
way
53%
way,
53%
you're
53%
party
51%
walkin'
51%
between
50%
cross
50%
at
49%
but
49%
But
49%
feed
49%
it
49%
it,
49%
When
49%
when
49%
bit
48%
day,
48%
they
46%
bitch,
45%
bitch
45%
Bitch,
45%
Bitch'
45%
all
44%
carpet
44%
look
44%
Look
44%
Louis
44%
moon
44%
turn
44%
Blood
43%
durin'
43%
Ice
43%
normal
43%
this
43%
This
43%
this,
43%
em
41%
em,
41%
If
41%
if
41%
out,
41%
out
41%
shines
41%
night,
40%
blockbusters
39%
dance
39%
J,
39%
same
39%
those
39%
villain
39%
what
39%
Brain"
38%
reason
38%
ADHD,
36%
AK,
36%
ball
36%
do
36%
floor,
36%
I'ma
36%
seat
36%
spit,
36%
that
36%
hand
35%
just
35%
outta
35%
pass
35%
set
34%
so
34%
Truckers
34%
wrestle
34%
insomnia
33%
mania
33%
Which
33%
are
31%
back
31%
or
31%
Or
31%
pen
31%
play
31%
probably
31%
Road
31%
will
31%
balls
30%
Cause
30%
cause
30%
did
30%
did,
30%
haha
30%
off
30%
product
30%
see,
30%
see
30%
Shady's
30%
vacation
30%
about
29%
ever
29%
mental
29%
plans
29%
raise
29%
spitter,
29%
spitter
29%
still
29%
damn,
28%
got
28%
hos
28%
How
28%
midst
28%
motherfuckin'
28%
posse'd
28%
bank,
26%
cannot
26%
consider
26%
gave
26%
Heenan
26%
It's
26%
it's
26%
launcher
26%
mayday
26%
melee,
26%
('xam)
26%
admire
25%
again,
25%
chainsaw
25%
crystal
25%
exam
25%
finger
25%
(finger),
25%
finna
25%
hospital
25%
Laughin'
25%
missile
25%
only
25%
pants,
25%
Ray
25%
sleepin'
25%
AA
24%
cray-cray,
24%
date
24%
Had
24%
H-A-H-A-H-A
24%
handsome
24%
have
24%
mistake
24%
more
24%
pissed
24%
prostate
24%
tame
24%
tell
24%
these
24%
These
24%
trip,
24%
venom
24%
ballistic
23%
chicks
23%
flyer
23%
goes
23%
guy
23%
list
23%
placate
23%
point
23%
pull
23%
retire,
23%
spray
23%
Tom
23%
tomorrow?
23%
wall,
23%
against
21%
comes
21%
costly
21%
flames,
21%
Hydroxycut,
21%
impossible
21%
index
21%
many
21%
passin'
21%
retreat
21%
things
21%
told
21%
vacay,
21%
vodka
21%
appalled,
20%
B-Bobby
20%
call
20%
Fill
20%
pistol
20%
pulled
20%
Rick
20%
someone
20%
song
20%
spazzin'
20%
top
20%
Tryna
20%
vacate,
20%
(yeah)
20%
yeah)
20%
blades
19%
eliminate
19%
fans
19%
flyers
19%
liar's
19%
mythological
19%
never
19%
Courvoisi'
18%
ear,
18%
fifth
18%
Onyx,
18%
Slick
18%
twist
18%
Cheeto
16%
Diddy
16%
fist
16%
for
16%
gonna
16%
half
16%
pencil
16%
perspire?
16%
screw
16%
stack
16%
bat
15%
drawn
15%
kill
15%
Loch
15%
Ness,
15%
not
15%
too
15%
whisper
15%
baseball
14%
much
14%
Quick
14%
voices
14%
We
14%
Won't
14%
balled
13%
caught
13%
Cher
13%
eaten
13%
Face
13%
fuckin'
13%
give
13%
Kid
13%
make
13%
player,
13%
cheese
11%
even
11%
genital
11%
gettin'
11%
Ink,
11%
ink
11%
stingy
11%
stop,
11%
black
10%
cakewalk
10%
chips,
10%
don't
10%
down
10%
ease
10%
fit
10%
hurt
10%
lend
10%
marry
10%
other
10%
plannin',
10%
put
10%
rap
10%
right
10%
wanna
10%
words,
10%
area,
9%
care
9%
(cheesecake,
9%
dollars
9%
into
9%
pack
9%
vanilla
9%
afraid
8%
bands
8%
bout
8%
carry
8%
Dick
8%
dictionary
8%
Every
8%
gorilla
8%
Harry
8%
mentally
8%
Minute
8%
minute
8%
pretendin'
8%
rage,
8%
sheet,
8%
stacked
8%
take
8%
Take
8%
their
8%
toilet
8%
want
8%
ain't
6%
bee,
6%
bowl,
6%
chair
6%
flack,
6%
inflatable
6%
means
6%
racks
6%
Risperdal,
6%
she'll
6%
single
6%
Trigger
6%
anyway
5%
available,
5%
barely
5%
bodies
5%
bury
5%
dump
5%
everythin',
5%
Evil
5%
evil,
5%
Fat
5%
happy,
5%
heat,
5%
hilarious
5%
killed,
5%
maxi
5%
original
5%
paraplegic,
5%
people
5%
Ramirez
5%
Richard
5%
scary,
5%
sit
5%
Swearin'
5%
they're
5%
anybody
4%
Apache
4%
Attila,
4%
attracts
4%
Bad
4%
Beats
4%
beginnin'
4%
blowin'
4%
catchy
4%
eye
4%
finish
4%
Gangsta
4%
killer
4%
Meets,
4%
motherfucker,
4%
percent
4%
Rivera,
4%
shit's
4%
unavoidable,
4%
well,
4%
battle,
3%
bitches
3%
dead
3%
demon
3%
enemy
3%
evade
3%
incinerate
3%
jingle
3%
lyrics
3%
Maid
3%
murderin'
3%
nobody
3%
obituary
3%
Obliteratin'
3%
problem
3%
renegade
3%
time
3%
undebatable,
3%
vicinity,
3%
bringin'
1%
column
1%
Cristhian
1%
duck
1%
end
1%
e'ry
1%
full
1%
full,
1%
Hari
1%
Kari
1%
lake
1%
Merriam
1%
run
1%
shaft
1%
starin'
1%
steerin'
1%
within
1%
entered
0%
epitome
0%
hunnid
0%
it'd
0%
me's
0%
money
0%
paid
0%
receivin'
0%
stupidity
0%
trailer
0%
unevadable
0%
unfadable
0%
wouldn't
0%
No matching quizzes found
Score Distribution
Percent of People with Each Score
Percentile by Number Answered
Your Score History
You have not taken this quiz since the last reset